[Event "SLO-chT2 Ost"]
[Site "Maribor"]
[Date "2009.06.06"]
[Round "3"]
[White "Brdnik, Roman"]
[Black "Supancic, Gorazd"]
[Result "1-0"]
[WhiteElo "1867"]
[BlackElo "1989"]
[PlyCount "146"]
[EventDate "2009.05.30"]
[EventType "team-tourn"]
[EventRounds "9"]
[EventCountry "SLO"]
[SourceTitle "EXT 2022"]
[Source "ChessBase"]
[SourceDate "2021.10.06"]
[SourceVersion "1"]
[SourceVersionDate "2021.10.06"]
[SourceQuality "1"]

1. d4 d5 2. c4 c6 3. e3 Nf6 4. Nc3 Bf5 5. Qb3 Qb6 6. Qxb6 axb6 7. cxd5 Nxd5 8. Nxd5 cxd5 9. Nf3 f6 10. Bd2 e6 11. a3 Bd6 12. Nh4 Nc6 13. Nxf5 exf5 14. Bb5 Ke7 15. f4 Na5 16. Rc1 Rac8 17. Ke2 Nb3 18. Rc3 Rxc3 19. Bxc3 Ke6 20. Bd3 g6 21. h3 Rc8 22. a4 Rc7 23. g4 Rg7 24. gxf5+ gxf5 25. Kf2 Na5 26. Rg1 Rg6 27. Be2 Rxg1 28. Kxg1 Nc4 29. Kf2 Be7 30. b3 Nd6 31. Be1 Ne4+ 32. Kf3 Ba3 33. Bd3 h5 34. Ke2 Bc1 35. Bb5 Nd6 36. Bd3 Ne4 37. b4 Nd6 38. Bd2 Bxd2 39. Kxd2 h4 40. b5 Nc8 41. Kc3 Ne7 42. Kb4 Kd6 43. Bc2 Kd7 44. a5 Kc7 45. a6 bxa6 46. bxa6 Nc6+ 47. Ka4 Na7 48. Bxf5 Kd6 49. Bg6 Ke6 50. f5+ Kd6 51. Bf7 Kc6 52. Kb4 Kd6 53. Ka4 Kc6 54. Bh5 Nc8 55. Bf3 Na7 56. e4 dxe4 57. Bxe4+ Kd6 58. Bb7 Kc7 59. Kb4 Kd7 60. Kc4 Kd6 61. Bf3 Kc7 62. Kd5 Kd7 63. Be2 Nc8 64. Bb5+ Kc7 65. Ke6 Nd6 66. Be2 Ne4 67. Bc4 Ng5+ 68. Kxf6 Nxh3 69. Bd5 Nf4 70. Bh1 Kb8 71. Kg5 Ne2 72. d5 Nc3 73. Kxh4 b5 1-0

[Event "SLO-chT2 Ost"]
[Site "Maribor"]
[Date "2009.05.30"]
[Round "1"]
[White "Spalir, Branko"]
[Black "Supancic, Gorazd"]
[Result "1-0"]
[WhiteElo "2131"]
[BlackElo "1989"]
[PlyCount "69"]
[EventDate "2009.05.30"]
[EventType "team-tourn"]
[EventRounds "9"]
[EventCountry "SLO"]
[SourceTitle "EXT 2022"]
[Source "ChessBase"]
[SourceDate "2021.10.06"]
[SourceVersion "1"]
[SourceVersionDate "2021.10.06"]
[SourceQuality "1"]

1. e4 d6 2. g3 g6 3. Bg2 Bg7 4. Nc3 e5 5. d3 Ne7 6. Nge2 c6 7. 0-0 Bg4 8. h3 Bxe2 9. Nxe2 0-0 10. c3 Qc7 11. Qb3 a5 12. a4 Nd7 13. Be3 Kh8 14. Rad1 b5 15. f4 Rab8 16. axb5 Rxb5 17. Qa2 Qb7 18. Rd2 Kg8 19. fxe5 dxe5 20. d4 exd4 21. cxd4 Rb3 22. Bg5 Nc8 23. e5 h6 24. Bf6 Bxf6 25. exf6 Qb4 26. Nc3 Na7 27. Rff2 Nb6 28. Kh2 Nc4 29. Rde2 Nd6 30. d5 c5 31. Rf4 c4 32. Qa1 Rb8 33. Ne4 Nxe4 34. Rfxe4 Nb5 35. Qc1 1-0

[Event "SLO-chT2 East"]
[Site "Brezice Maribor"]
[Date "2008.10.18"]
[Round "8"]
[White "Supancic, Gorazd"]
[Black "Recnik, Gregor"]
[Result "0-1"]
[WhiteElo "2004"]
[BlackElo "1991"]
[PlyCount "49"]
[EventDate "2008.10.24"]
[EventType "team-tourn"]
[EventRounds "9"]
[EventCountry "SLO"]
[SourceTitle "EXT 2010"]
[Source "ChessBase"]
[SourceDate "2010.11.25"]
[SourceVersion "1"]
[SourceVersionDate "2010.11.25"]
[SourceQuality "1"]

1. e4 c5 2. Nf3 d6 3. c4 Nc6 4. d4 cxd4 5. Nxd4 g6 6. Nc3 Bg7 7. Be3 Nf6 8. Be2 Bd7 9. 0-0 0-0 10. Qd2 Rc8 11. h3 Qa5 12. Rfd1 Ne5 13. b3 a6 14. Nd5 Qxd2 15. Nxe7+ Kh8 16. Rxd2 Rce8 17. Nd5 Nxe4 18. Rc2 f5 19. f4 Nc6 20. Rd1 Ng3 21. Kf2 Rxe3 22. Kxe3 Nxd4 23. Rxd4 Re8+ 24. Kf3 Nxe2 25. Rdd2 0-1

[Event "SLO-chT2 East"]
[Site "Brezice Maribor"]
[Date "2007.06.09"]
[Round "4"]
[White "Bozic, Marjan"]
[Black "Supancic, Gorazd"]
[Result "1/2-1/2"]
[WhiteElo "2091"]
[BlackElo "2004"]
[PlyCount "53"]
[EventDate "2007.05.26"]
[EventType "team-tourn"]
[EventRounds "9"]
[EventCountry "SLO"]
[SourceTitle "EXT 2010"]
[Source "ChessBase"]
[SourceDate "2010.11.25"]
[SourceVersion "1"]
[SourceVersionDate "2010.11.25"]
[SourceQuality "1"]

1. e4 c5 2. Nf3 d6 3. d4 cxd4 4. Nxd4 Nf6 5. Nc3 a6 6. f3 e5 7. Nb3 Be6 8. Be3 Qc7 9. Qd2 Nbd7 10. 0-0-0 b5 11. Qf2 Rc8 12. Kb1 Nc5 13. a4 Nfd7 14. Nd5 Bxd5 15. Rxd5 Nb6 16. Rd1 Ncxa4 17. Bxb6 Nxb6 18. Bd3 Nc4 19. c3 Be7 20. Nc1 Bg5 21. Bxc4 bxc4 22. h4 Be7 23. Rd5 f6 24. Ne2 Kf7 25. Ng3 g6 26. h5 Rb8 27. Nf1 1/2-1/2

[Event "SLO-chT2E"]
[Site "Velenje"]
[Date "2004.11.21"]
[Round "6"]
[White "Supancic, Gorazd"]
[Black "Kos, Igor"]
[Result "1-0"]
[WhiteElo "2000"]
[BlackElo "2155"]
[PlyCount "79"]
[EventDate "2004.11.01"]
[EventType "team"]
[EventRounds "9"]
[EventCountry "SLO"]
[SourceTitle "EXT 2008"]
[Source "ChessBase"]
[SourceDate "2007.11.25"]
[SourceVersion "1"]
[SourceVersionDate "2007.11.25"]
[SourceQuality "1"]

1. Nf3 d5 2. d4 Nf6 3. Bf4 e6 4. e3 Bd6 5. Ne5 Qe7 6. Nd2 0-0 7. Be2 Nfd7 8. Nxd7 Bxd7 9. Bxd6 Qxd6 10. 0-0 e5 11. dxe5 Qxe5 12. c3 Nc6 13. Nb3 Ne7 14. Bf3 Rfd8 15. Re1 Bf5 16. Qd4 Nc6 17. Qxe5 Nxe5 18. Nd4 Be4 19. Be2 c5 20. Nf3 Nc6 21. Rad1 Kf8 22. Rd2 f6 23. Red1 Ne7 24. Ne1 a6 25. f3 Bg6 26. Bc4 Nf5 27. Nc2 dxc4 28. Rxd8+ Rxd8 29. Rxd8+ Ke7 30. Rd2 Ke6 31. Kf2 Nd6 32. e4 f5 33. exf5+ Bxf5 34. Re2+ Kd7 35. Ne3 Bd3 36. Re1 b5 37. a3 a5 38. Ng4 Bc2 39. Re5 b4 40. Rxc5 1-0